|
|
|
|
| LEADER |
00000nab a2200000 ar4500 |
| 001 |
vtls011549599 |
| 003 |
SK-MaSNL |
| 005 |
20260305031856.0 |
| 008 |
160503c2016 xo wr|p|||||||000 b|slo |
| 038 |
|
|
|a PPPK
|
| 040 |
|
|
|a PPPKCL
|b slo
|c PPPKCL
|e AACR2
|
| 041 |
0 |
|
|a slo
|
| 044 |
|
|
|a xo
|c SK
|
| 080 |
|
|
|a 796.352.093
|x (437.6)
|2 2011
|
| 245 |
0 |
0 |
|a Bendík pomôže výprave s lyžovaním
|
| 500 |
|
|
|a Autor článku nie je uvedený.
|
| 600 |
1 |
7 |
|a Staník, Roman
|2 pppkcl
|9 7618
|
| 600 |
1 |
7 |
|a Bendik, Martin,
|d 1993-
|2 pppkcl
|9 158325
|
| 610 |
2 |
7 |
|a Black Stork (Veľká Lomnica, Slovensko)
|2 pppkcl
|9 1111054
|
| 611 |
2 |
7 |
|a Ski & Golf Slovakia
|n (7. :
|d 2016 :
|c Veľká Lomnica, Slovensko)
|2 pppkcl
|9 1610498
|
| 648 |
|
7 |
|a 9.-10.4.2016
|2 pppkcl
|9 1610499
|
| 650 |
0 |
7 |
|a golf
|2 pppkcl
|9 3295
|
| 651 |
|
7 |
|a Veľká Lomnica (Slovensko)
|2 pppkcl
|9 26701
|
| 651 |
|
7 |
|a Kežmarok (Slovensko : okres)
|2 pppkcl
|9 51824
|
| 773 |
0 |
|
|t Podtatranské noviny
|g Roč. LVI, č. 17 (2016), s. 5
|x 1210-2423
|
| 852 |
|
|
|a PPPK
|b KIS3GCP
|
| 999 |
|
|
|c 3317839
|d 3319769
|